Normal view
MARC view
- DATABASE SYSTEMS ARCHITECTURES
Entry Topical Term
001 - CONTROL NUMBER
- control field: 67483
003 - CONTROL NUMBER IDENTIFIER
- control field: NUST
005 - DATE AND TIME OF LATEST TRANSACTION
- control field: 20210628203830.0
008 - FIXED-LENGTH DATA ELEMENTS
- fixed length control field: 210628|| aca||aabn | a|a d
040 ## - CATALOGING SOURCE
- Original cataloging agency: NUST
- Transcribing agency: NUST
150 ## - HEADING--TOPICAL TERM
- Topical term or geographic name entry element: DATABASE SYSTEMS ARCHITECTURES
670 ## - SOURCE DATA FOUND
- Source citation: Work cat.: (NUST): Atzeni, Paolo:Ceri, Stefano:Paraboschi, Stefano 67482, Database systems;concepts, languages and architectures, 2003
